| 000 | 01015cam a2200313 i 4500 | ||
|---|---|---|---|
| 999 |
_c200447586 _d65798 |
||
| 001 | 200447586 | ||
| 003 | TR-AnTOB | ||
| 005 | 20220425153950.0 | ||
| 007 | ta | ||
| 008 | 061107s2004 tu 00000 tur d | ||
| 035 | _a(TR-AnTOB)200447586 | ||
| 040 |
_aTR-AnTOB _beng _erda _cTR-AnTOB |
||
| 041 | 0 | _aeng | |
| 050 | 1 | 4 |
_aHD53 _b.C74 2004 |
| 090 |
_aTOBBK HD53 _b.C74 2004 |
||
| 245 | 0 | 0 |
_aCreativity, innovation and economic growth in the 21st century : _bAn affirmative case for intellectual property rights a BIAC discussion paper. |
| 264 | 1 |
_aParis : _bBIAC, _c2004. |
|
| 300 |
_a19 pages ; _c30 cm |
||
| 336 |
_atext _btxt _2rdacontent |
||
| 337 |
_aunmediated _bn _2rdamedia |
||
| 338 |
_avolume _bnc _2rdacarrier |
||
| 650 | 0 |
_aCreative ability in business _919231 |
|
| 650 |
_aTechnological innovations _990963 |
||
| 650 | 0 |
_aEconomic development _91528 |
|
| 710 | 2 |
_aBusiness and Industry Advisory Committee _9135507 |
|
| 942 |
_2z _cBK |
||